000 00483nam a2200181Ia 4500
005 20250326124209.0
008 250326s9999 xx 000 0 und d
037 _aTextbook
040 _aFMSL
_beng
_cFMSL
041 _aeng
_2eng
084 _aX:51 K8;7
_qFMSL
100 _aLuck D J
245 0 _aMarket strategy
_cLuck D J; Prell A E
260 _aNY
_bNY, Appleton-Century-Crofts
_c1968
300 _a202p
942 _cTB
_hX:51 K8;7
999 _c1272693
_d1272693